| 000 | 00519nam a2200145 a 4500 | ||
|---|---|---|---|
| 001 | 000032443 | ||
| 005 | 20200930065637.0 | ||
| 008 | 110718s1992 dr 000 0 spa d | ||
| 040 |
_aDO-SdBNP _bspa _cBNPHU |
||
| 100 | 1 |
_aMajluta, Jacobo. _931128 |
|
| 245 | 1 | 3 |
_aLa historia del PRI y sus perspectivas de triunfo : _bprincipio del fin de los partidos/ tradicionales / _cJacobo Majluta. |
| 260 |
_aSanto domingo : _bPartido Revolucionario Independiente, _c1992. |
||
| 300 |
_a90 p. : _bil., retrs. ; _c22 cm. |
||
| 049 | _aBNPD | ||
| 999 |
_c31934 _d31934 |
||